Fer forge d'hier et d'aujourd'hui (Запис номер 210082)
[ съкратено ]
| 000 -Лидер | |
|---|---|
| Контролно поле с фиксирана дължина | 01099nkm a2200325 c 4500 |
| 003 - Код на организацията, давaща контролен номер | |
| Контролно поле | BLK |
| 005 - Дата и час на последна редакция | |
| Контролно поле | 20201007040432.0 |
| 008 - Елементи от данни с фиксирана дължина | |
| fixed length control field | 180412b bul rap|r|||| r0| ||bulo| |
| 010 ## - Наследен системен номер | |
| LC control number | KNG00161728000 |
| 020 ## - Международен стандартен номер на книга ISBN | |
| Международен стандартен номер на книга ISBN | 2-7072-0026-3 |
| 040 ## - Източник на каталожния запис | |
| Идентификатор на билиотеката - собственик на записа | BLK |
| 041 ## - Код за език | |
| Код за езика на текст/звукозапис или на отделно заглавие | Френски |
| Код за езика КДБФ | Френски |
| 080 ## - УДК | |
| Текстов определител УДК | Художествена обработка на метали |
| УДК код - определител по УДК | 739 |
| УДК - код + определител | 739 |
| 100 1# - Редна дума - Автор | |
| Автор | Sarteur, Yves |
| Авторска отговорност | първи автор |
| R(LIN) | 23292 |
| 139 ## - Редно поле | |
| Редна дума | Sarteur, Yves |
| Авторски знак | Сар - С 20 |
| Filing suffix | S 22 |
| Feature heading | С 20 И |
| 245 10 - Сведения за заглавието | |
| Заглавие | Fer forge d'hier et d'aujourd'hui |
| Редно поле (дума) | Yves Sarteur. |
| 257 ## - Страна на издаване | |
| Страна на създаване/издаване | Франция |
| 260 ## - Област на издателските данни | |
| Име на издателя, разпространителя и проч. | Ch. Massin |
| Година на издаване | 1979 |
| 300 ## - Физическа характеристика | |
| Страници | 64 p. |
| Илюстрации и др. | ill. |
| Размери/Мащаб | 32 cm |
| 380 ## - Жанр | |
| Жанр | Изкуство |
| 650 #4 - Допълнително описание по предмет – тема | |
| Основно описание – тема или топоним | Художествена обработка на метали |
| 9 (RLIN) | 304872 |
| 653 ## - Ключова дума – ненормативна | |
| Ключова дума | обработка на метали |
| 653 ## - Ключова дума – ненормативна | |
| Ключова дума | ковано желязо |
| 653 ## - Ключова дума – ненормативна | |
| Ключова дума | врати |
| 700 ## - Други автори (авторска отговорност) | |
| Лично име | Сартьо, Ив |
| Автороска отговорност (Описва отношението между автора и произведението) | първи автор |
| 9 (RLIN) | 1299 |
| 852 ## - Местоположение | |
| Форматна сигнатура | Цб Гр А ІІ 3363 |
| 856 4# - Електронен адрес и достъп | |
| Електронен формат | pdf - файл |
| Път до файла /url/ | |
| 856 4# - Електронен адрес и достъп | |
| Електронен формат | pdf - файл |
| Път до файла /url/ | |
| 999 ## - СИСТЕМНИ КОНТРОЛНИ НОМЕРА | |
| Koha biblionumber | 210082 |
| Koha biblioitemnumber | 210082 |
| 942 ## - АРТИКУЛИ | |
| Вид на библиотечния материал | Графични издания |
| Скрит в OPAC | Не |
| Периодичен библиозапис | Да |
| 944 ## - СЪЗДАВАНЕ И РЕДАКЦИЯ на ЗАПИСА | |
| Създаване/Редакция | Създаване |
| Дата на регистрацията/редакция | 05.06.2014 |
| Статус, дата на статуса | 05.06.2014 - от С1,Р / 05.06.2014 |
| Служител, извършил регистрацията/редакцията | Камелия_Данева |
| 944 ## - СЪЗДАВАНЕ И РЕДАКЦИЯ на ЗАПИСА | |
| Създаване/Редакция | Редакция |
| Дата на регистрацията/редакция | 05.06.2014 |
| Статус, дата на статуса | 05.06.2014 - от С1,Р / 05.06.2014 |
| 999 ## - СИСТЕМНИ КОНТРОЛНИ НОМЕРА | |
| Koha biblioitemnumber | 210082 |
| Код за отписване | Код за изгубен артикул | Източник на класификационната схема | Код за повреда | Коз за рестрикции | Код за отдаване | Артикулен № | Име на библиотеката - собственик | Име на библиотеката, в която се намира в момента | Статус (Текущо местоположение) | Дата на вписване в системата | Местоположение - отдел | Цена в лева | Инвентарен номер | Систематично азбучна сигнатура | Баркод | Номер на екземпляра | Цена в евро | Служебна бележка | Служебен тип на артикула |
|---|---|---|---|---|---|---|---|---|---|---|---|---|---|---|---|---|---|---|---|
| Не е изгубен | Universal Decimal Classification | Не е повреден | без рестрикции | заемане за дома | 361567 | Регионална библиотека "Любен Каравелов" Русе | Регионална библиотека "Любен Каравелов" Русе | Отдел Изкуство - подръчен фонд | 1979-01-01 | Отдел Изкуство - подръчен фонд | 12.26 | 458342 | 739/С 20 И | 120000458342 | 1 | 6.27 | Дост: Pk Вид: Ф N: стар фонд Дата: 01.01.1979 Дата инв: 03.06.2015 Бележки инв: ГрИ2015 | Графични издания |